Carbohydrates of the seeds of the rubber tree, Hevea brasiliensis (Record no. 47655)
[ view plain ]
| 000 -LEADER | |
|---|---|
| fixed length control field | 00965nam a2200157Ia 4500 |
| 100 ## - MAIN ENTRY--AUTHOR NAME | |
| Personal name | Anderson D M W |
| 245 #0 - TITLE STATEMENT | |
| Title | Carbohydrates of the seeds of the rubber tree, Hevea brasiliensis |
| 520 ## - SUMMARY, ETC. | |
| Summary, etc | The carbohydrate materials present in the endosperm, cotyledons, and shell of the seeds of the rubber tree have been examined by means of a graded extraction procedure, and the results of chromatographic and other analyses of the fractions so obtained are reported. The endosperm, cotyledons, and shells all contain a mixture of polysaccharides which gave on hydrolysis galactose, glucose, arabinose, xylose, rhamnose, and uronic acid untis. The cold-water extract of the endosperm has been studied in detail and an araban-rich fraction isolated. |
| 650 ## - SUBJECT ADDED ENTRY--TOPICAL TERM | |
| Topical Term | Carbohydrate content |
| 650 ## - SUBJECT ADDED ENTRY--TOPICAL TERM | |
| Topical Term | Hevea brasiliensis |
| 650 ## - SUBJECT ADDED ENTRY--TOPICAL TERM | |
| Topical Term | Rubber seed |
| 700 ## - ADDED ENTRY--PERSONAL NAME | |
| Personal name | Greenwood G T |
| 700 ## - ADDED ENTRY--PERSONAL NAME | |
| Personal name | Robertson J S M |
| 942 ## - ADDED ENTRY ELEMENTS (KOHA) | |
| Koha item type | Bibliography RLSE |
| Withdrawn status | Lost status | Damaged status | Not for loan | Home library | Current library | Date acquired | Koha item type |
|---|---|---|---|---|---|---|---|
| Bibliography | RRII Library | RRII Library | 31/12/2021 | Bibliography RLSE |